000 00944nam a22002177a 4500
003 BUBTL
008 211202b ||||| |||| 00| 0 eng d
020 _a97898492713354
082 _a954.925/ Sa312b/ 2019
100 _94439
_aসালাহউদ্দিন, মোহাম্মদ
245 _aবঙ্গবন্ধুর ভাষণ ও বিবৃতি /
_cমোহাম্মদ সালাহউদ্দিন
250 _a1st Edn.
260 _aঢাকা:
_bজয়বাংলা একাডেমি,
_cc2019
300 _a336 p.:
_c22 cm.
505 _aবঙ্গবন্ধুর ভাষণ ও বিবৃতি, বঙ্গবন্ধু, ভাষণ, মোহাম্মদ সালাহউদ্দিন
650 0 _93574
_aবঙ্গবন্ধু
650 0 _94372
_aBangabandhu
856 _k0
_l0
_yDownload
942 _2ddc
_cBK
999 _c6593
_d6593